Completa il nome del Partito Politico italiano - Statistics

Statistiche generali
  • Questo quiz è stato fatto 299 volte
  • Il punteggio medio è 18 su 25
Statistiche sulle risposte
Hint Risposta % Corretto
Fratelli d'Italia
95%
Forza Italia
94%
Movimento 5 Stelle
92%
Lega Nord
89%
Potere al Popolo!
89%
Südtiroler Volkspartei
89%
Democrazia Cristiana
88%
Casa Paund
84%
Articolo Uno
78%
Liberi e Uguali
77%
Partito Comunista Italiano
74%
Italia Viva
74%
Partito della Rifondazione Comunista
73%
Italia dei Valori
73%
Alleanza Verdi e Sinistra
72%
Scelta Civica
64%
Noi Moderati
64%
Il Popolo della Libertà
62%
Casa delle Libertà
62%
Nuovo Centrodestra
60%
Alleanza Nazionale
54%
Partito Democratico
52%
Alternativa Popolare
52%
Movimento Sociale Italiano
50%
Unione di Centro
46%
Nessun quiz corrispondente trovato
Distribuzione punteggi
Percentuale di utenti per punteggio
Percentile per numero di risposta
I tuoi punteggi nel tempo
Non hai fatto questo quiz